Paměti lovce monster. Světci /
Další díl akční fantasy série, nadané osobitým humorem a odkazující na řadu Lovci monster. Lovce Chada čeká perná fuška v temném New Orleans.
Uloženo v:
| Série: | Paměti lovce monster,
část 3 |
|---|---|
| Hlavní autor: | |
| Další autoři: | , |
| Médium: | E-kniha |
| Jazyk: | Czech |
| Vydáno: |
Ostrava :
Fantom Print,
2019
|
| Vydání: | 1. vydání |
| Témata: | |
| Příbuzné jednotky: | Z cyklu::
Paměti lovce monster |
| Tagy: |
Žádné tagy |
| LEADER | 02815nam a2200469 i 4500 | ||
|---|---|---|---|
| 001 | 311121 | ||
| 003 | CZ PrSKC | ||
| 005 | 20260601215659.0 | ||
| 007 | ta | ||
| 008 | 191218s2019 xr g 000 f cze | ||
| 015 | |a cnb003165621 | ||
| 020 | |a 9788075940483 |q (brožováno) | ||
| 035 | |a (OCoLC)1200248143 | ||
| 040 | |a ABG001 |b cze |d ABA001 |e rda | ||
| 041 | 1 | |a cze |h eng | |
| 072 | 7 | |a 821.111(73)-3 |x Americká próza |2 Konspekt | |
| 080 | |a 821.111(73)-31 |2 MRF | ||
| 080 | |a (0:82-312.9) |2 MRF | ||
| 100 | 1 | |a Correia, Larry, |d 1977- |7 xx0153739 |4 aut | |
| 240 | 1 | 0 | |a Saints. |l Česky |
| 245 | 1 | 0 | |a Paměti lovce monster. |p Světci / |c Larry Correia & John Ringo ; překlad Jakub Mařík |
| 246 | 3 | 0 | |a Světci |
| 250 | |a 1. vydání | ||
| 264 | 1 | |a Ostrava : |b Fantom Print, |c 2019 | |
| 300 | |a 335 stran ; |c 21 cm | ||
| 336 | |a text |b txt |2 rdacontent | ||
| 337 | |a bez média |b n |2 rdamedia | ||
| 338 | |a svazek |b nc |2 rdacarrier | ||
| 500 | |a Přeloženo z angličtiny | ||
| 520 | 2 | |a Další díl akční fantasy série, nadané osobitým humorem a odkazující na řadu Lovci monster. Lovce Chada čeká perná fuška v temném New Orleans. |b "Tady jsi v New Orleans." Tuhle mantru Chad Gardenier slýchá od chvíle, co ve městě začal pracovat. V New Orleans je všechno jiné - jídlo, klima, monstra a donedávna i agenti UPKM. Skutečným důvodem, proč je New Orleans tak jiné, je však prastaré monstrum, které se skrývá pod městem a pouhou svou přítomností posiluje veškerou temnou magii. V minulosti jemu podobní zničili celé armády a teď se chystá vylézt na povrch ve městě, kde mu v cestě stojí jen pár Lovců a jeden chlapík s mečem. Pokud ho včas nezastaví, celý svět se octne v područí těch nejhorších z nejhorších. Chad teď musí shromáždit své přátele i pochybné spojence a připravit se na největší bitvu svého života... pokud ho dřív nezatkne UPKM. Teď si jen vzpomenout, kam založil číslo na jistou otravnou princeznu... Nakladatelská anotace. | |
| 655 | 7 | |a americké romány |7 fd131796 |2 czenas | |
| 655 | 7 | |a fantasy romány |7 fd184199 |2 czenas | |
| 655 | 9 | |a American fiction |2 eczenas | |
| 655 | 9 | |a fantasy novels |2 eczenas | |
| 700 | 1 | |a Ringo, John, |d 1963- |7 xx0038736 |4 aut | |
| 700 | 1 | |a Mařík, Jakub, |d 1981- |7 xx0073715 |4 trl | |
| 787 | 0 | 8 | |i Z cyklu: |t Paměti lovce monster |g 3 |
| 900 | |a ABA001 |b 20 | ||
| 044 | |a xr | ||
| 910 | |a RBIT002 | ||
| 998 | |d 202911 |a https://core.palmknihy.cz/api/books/202911/cover?q210y7 |b https://core.palmknihy.cz/api/books/202911/cover/400?q210y7 |c https://core.palmknihy.cz/api/books/202911/cover/50?q210y7 |e 2028-04-19 |g 336 |i 9788075940483 |j https://core.palmknihy.cz/api/books/202911/preview.epub |l |q 49 |r 1 |s https://www.palmknihy.cz/kniha/202911 |t ebook |y 2019 |z 0 |v Paměti lovce monster |w 3 | ||
| 999 | |d 311119 | ||